000 00525cam a2200181 4500500
005 20260405003546.0
041 _afre
042 _adc
100 1 0 _aGoron, Gaëtan
_eauthor
245 0 0 _aPhilocroisés #83
260 _c2022.
500 _a90
690 _aGaëtan Goron
690 _aJeu
690 _aMots croisés
786 0 _nPhilosophie magazine | 162 | 9 | 2022-09-01 | p. 79-79 | 1951-1787
856 4 1 _uhttps://shs.cairn.info/magazine-philosophie-magazine-2022-9-page-79?lang=fr&redirect-ssocas=7080
999 _c2068728
_d2068728